LEADER 00907nam a2200205 4500 001 000000353638 003 CaOOAMICUS 005 20230504134117.0 008 230504s1922 it 000 u ita r 040 $aSeMil$bita 100 1 $aDuroni, Salvatore.$0(OLS)http://semarc/name/117524 245 13$aLa Storia sacra per le scuole elementari con illustrazioni / $cSac. Maestro S. Duroni. 264 1$aTorino :$bSocietŕ Editrice Internazionale,$c1922. 300 $a132 p. :$bill. ;$c19 cm 650 4$aBibbie illustrate.$0(OLS)http://semarc/subject/7463 850 $aSeMil 852 $aSeMil$W1$xVenegono$y1$m5D VI 3/8$j239969$B244867$CSeMilBibl$Z2$F244867 $81 996 $6245$aLa Storia sacra per le scuole elementari con illustrazioni / $9(OLS)http://semarc/title/443736 996 $6264$aTorino :$bSocietŕ Editrice Internazionale$9(OLS)http://semarc/publisher/29847 LEADER 00990nam a2200205 i 4500 001 000000058997 003 CaOOAMICUS 005 20121128000000.0 008 121128s1947 xx u000 u fre u 013 $a30169 040 $aSeMil$bita 100 1 $aOlivero, Giuseppe.$0(OLS)http://semarc/name/30094 245 10$aSur le probléme du droit subjectif dans le droit canonique :$bestratto dall'Ephemerides Iuris Canonici Annus 3. (1947) Num. 3 /$cGiuseppe Olivero. 260 $aRomae :$bOfficium Libri Catholici,$c1947. 300 $a66 p. ;$c24 cm. 650 4$aDiritto canonico - Studi.$0(OLS)http://semarc/subject/1680 850 $aSeMil 852 $aSeMil$W1$xVenegono$y1$m2J III 112$j25150$B25150$CSeMilBibl$Z2$F25153 $81 996 $6245$aSur le probléme du droit subjectif dans le droit canonique :$bestratto dall'Ephemerides Iuris Canonici Annus 3. (1947) Num. 3$9(OLS)http://semarc/title/92086 996 $6260$aRomae :$bOfficium Libri Catholici$9(OLS)http://semarc/publisher/29816